000 00637nam0a22002291 4500
001 rc\20823
005 20250620120306.0
035 _a(NLR Aleph) 005308104
090 _a6357951
_c6357951
100 _a20021204d1997 |||y0rusy50 ca
101 0 _arus
102 _aRU
105 _ay |||||||||
200 1 _aВверх
_eСтихи
_fСтанислав Голованов
210 _aМ.
_cАрфа
_d1997
215 _a94, [2] с.
_d21
700 1 _aГолованов
_bС.Э.
_gСтанислав Эдуардович
801 0 _aRU
_bNLR
_gpsbo
801 1 _aRU
_bELAR
_2rusmarc
852 _aNLR
_j97-4/7405
942 _cBOOK
980 _aNB